[Event "RSFSR-11ch corr8688"]
[White "Kharlamov, Vladimir Pavlovich"]
[Black "Meister, Yakov"]
[Site "USSR"]
[Round "?"]
[Result "1/2-1/2"]
[Date "1988.??.??"]
[WhiteElo "2420"]
[BlackElo "2488"]
[PlyCount "81"]
[EventDate "1986.??.??"]
[EventType "tourn (corr)"]
[EventRounds "15"]
[EventCountry "URS"]
[SourceTitle "Corr 2011"]
[Source "ChessBase"]
[SourceDate "2010.08.31"]
[SourceVersion "1"]
[SourceVersionDate "2010.08.31"]
[SourceQuality "1"]

1. e4 c5 2. Nf3 Nf6 3. e5 Nd5 4. Nc3 e6 5. Ne4 f5 6. Nc3 Nxc3 7. dxc3 d5 8. exd6 Qxd6 9. Bb5+ Bd7 10. Qe2 Bxb5 11. Qxb5+ Qc6 12. Qe2 Qa6 13. c4 Nd7 14. 0-0 Be7 15. Re1 Kf7 16. Rd1 Rhd8 17. Rxd7 Rxd7 18. Ne5+ Ke8 19. Bf4 Rad8 20. Qh5+ g6 21. Nxg6 Rd1+ 22. Rxd1 Rxd1+ 23. Qxd1 hxg6 24. b3 Qxa2 25. g4 fxg4 26. Bg3 a6 27. Kg2 b5 28. Qxg4 Qxc2 29. Qxe6 Kf8 30. Qxa6 Qe4+ 31. f3 Qc2+ 32. Bf2 Bh4 33. Qd6+ Kg8 34. Qd5+ Kh7 35. Qxc5 bxc4 36. bxc4 Bxf2 37. Qxf2 Qxc4 38. Qa7+ Kh6 39. Qe7 Qc2+ 40. Kg3 Qc1 41. Qf8+ 1/2-1/2

[Event "RSFSR-11ch corr8688"]
[White "Kleiman, Boris Moiseevich"]
[Black "Meister, Yakov"]
[Site "USSR"]
[Round "?"]
[Result "1/2-1/2"]
[Date "1988.??.??"]
[WhiteElo "2477"]
[BlackElo "2488"]
[PlyCount "28"]
[EventDate "1986.??.??"]
[EventType "tourn (corr)"]
[EventRounds "15"]
[EventCountry "URS"]
[SourceTitle "Corr 2011"]
[Source "ChessBase"]
[SourceDate "2010.08.31"]
[SourceVersion "1"]
[SourceVersionDate "2010.08.31"]
[SourceQuality "1"]

1. d4 d5 2. c4 dxc4 3. Nf3 Nf6 4. Nc3 c6 5. a4 c5 6. e4 cxd4 7. Qxd4 Qxd4 8. Nxd4 e5 9. Ndb5 Na6 10. Bxc4 Bc5 11. Ke2 Be6 12. Bxe6 fxe6 13. Be3 Bxe3 14. Kxe3 Ke7 1/2-1/2